Information Practices-XI (Record no. 10925)

MARC details
000 -LEADER
fixed length control field 00249nam a22000977a 4500
008 - FIXED-LENGTH DATA ELEMENTS--GENERAL INFORMATION
fixed length control field 180409b ||||| |||| 00| 0 eng d
020 ## - INTERNATIONAL STANDARD BOOK NUMBER
International Standard Book Number 9788177000313
100 ## - MAIN ENTRY--PERSONAL NAME
Personal name Arora Sumita
9 (RLIN) 6734
245 ## - TITLE STATEMENT
Title Information Practices-XI
260 ## - PUBLICATION, DISTRIBUTION, ETC. (IMPRINT)
Place of publication, distribution, etc. New Delhi
Name of publisher, distributor, etc. Dhanpat
Holdings
Withdrawn status Lost status Source of classification or shelving scheme Damaged status Koha normalized classification for sorting Not for loan Home library Current library Shelving location Date acquired Total Checkouts Full call number Barcode Date last seen Price effective from Koha item type
    Dewey Decimal Classification   ARO_005_130000000000000_D7   Good Samaritan School Library Good Samaritan School Library Computer Science 04/09/2018   ARO005.13 D-7 ARO14966 04/09/2018 04/09/2018 BOOK

Powered by Koha